Statistics for Birds by Picture #3

Click here to take the quiz!

General Stats

  • This quiz has been taken 12,000 times
  • The average score is 12 of 18

Answer Stats

Answer% Correct
Mute Swan
99%
Rock Pigeon
98%
Common Raven
93%
Pileated Woodpecker
92%
Grey Parrot
89%
White-backed Vulture
88%
Toucan
86%
{Barn} Owl
76%
Brown Falcon
71%
Common Kingfisher
66%
American Robin
60%
{Golden} Eagle
54%
Blue-footed Booby
46%
Southern Cassowary
43%
Royal Spoonbill
39%
{Rockhopper} Penguin
32%
Little Auk
18%
{Muscovy} Duck
14%

Score Distribution

Percentile by Number Answered

Percent of People with Each Score

Your Score History

You have not taken this quiz